| 000 | 01110cam a2200265 i 4500 | ||
|---|---|---|---|
| 999 |
_c57873 _d57873 |
||
| 001 | 17694861 | ||
| 005 | 20221107122204.0 | ||
| 008 | 130412s2014 cau bf 001 0 eng | ||
| 020 | _a9781446247228 X | ||
| 041 | _aeng | ||
| 080 | _a159.922.7+616-008.61+376.5 T-44 | ||
| 245 | 0 | 4 |
_aThe Sage handbook of emotional and behavioral difficulties / _cedited by Philip Garner, James Kauffman, and Julian Elliott. |
| 250 | _aSecond edition. | ||
| 264 | 1 |
_aLos Angeles : _bSAGE, _c2014. |
|
| 300 |
_a526 pages ; _c26 cm. |
||
| 650 | 0 |
_aBehavior disorders in children _vHandbooks, manuals, etc. _910649 |
|
| 653 | _aემოციური და ქცევითი სირთულეების სახელმძღვანელო | ||
| 653 | _aმედიცინა | ||
| 653 | _aფსიქოლოგია | ||
| 653 | _aპედაგოგიკა | ||
| 700 | 1 |
_aGarner, Philip, _d1947- _eრედაქტორი _910650 |
|
| 700 | 1 |
_aKauffman, James _eრედაქტორი _910585 |
|
| 700 | 1 |
_aElliot, Julian _eრედაქტორი _910651 |
|
| 942 |
_2udc _cBK |
||